Pa' La Cultura - David Guetta, Sofía Reyes, Abraham Mateo... - Estadísticas

Estadísticas generales
  • Esta prueba ha sido intentada 29 veces
  • La puntuación promedio es 321 de 479
Estadísticas de respuestas
Letra % Correcto
a
100%
A
100%
Como
100%
como
100%
con
100%
Con
100%
cultura
100%
de
100%
De
100%
el
100%
es
100%
Es
100%
esta
100%
Esta
100%
Está
100%
la
100%
las
100%
le
100%
lo
100%
Lo
100%
lo'
100%
los
100%
me
100%
mundo
100%
no
100%
No
100%
Pa'
100%
pa'
100%
¿Para
100%
para
100%
PR
100%
que
100%
Que
100%
qué
100%
se
100%
Se
100%
si
100%
sin
100%
So
100%
te
100%
te?
100%
100%
Un
100%
un
100%
una
100%
y
100%
Y
100%
al
80%
be
80%
día
80%
esa
80%
Esa
80%
ese
80%
hasta
80%
Hasta
80%
más
80%
80%
mi
80%
noche
80%
O
80%
o
80%
pare
80%
pare'
80%
quiere'
80%
Quiere
80%
ritmo
80%
see
80%
to
80%
to'
80%
Toda
80%
Todo
80%
todo'
80%
Unas
80%
va
80%
Ya
80%
Yo
80%
yo
80%
abajo
60%
aquí
60%
caña
60%
Dale
60%
dale
60%
don
60%
ella'
60%
en
60%
España
60%
están
60%
estar
60%
estas
60%
igual
60%
is
60%
mami
60%
Mami
60%
mañana
60%
Mueve
60%
nos
60%
quien
60%
soy
60%
tengo
60%
traje
60%
veo
60%
voy
60%
You
60%
you
60%
ah
40%
aliento
40%
alturas
40%
ay
40%
bajo
40%
brincando
40%
cintura
40%
cura
40%
dándole
40%
dejarte
40%
dicen
40%
dos
40%
duran
40%
escultura
40%
estamos
40%
figura
40%
hay
40%
lento
40%
male'
40%
mexicana
40%
movimiento?
40%
muy
40%
na'
40%
place
40%
Presiento
40%
presiento
40%
Puerto
40%
Rico
40%
rumba
40%
sabrosura
40%
semana
40%
sentimiento
40%
Sofía
40%
somos
40%
the
40%
this
40%
tiene
40%
Todos
40%
todos
40%
trajeron
40%
vengo
40%
what
40%
aguantan
20%
amiga'
20%
And
20%
Báilame
20%
casi
20%
ceo
20%
colombiana'
20%
cubana'
20%
decía
20%
dominicana'
20%
¿Dónde
20%
entero
20%
fuego
20%
hielo
20%
iguale'
20%
latina
20%
latino'
20%
llegando
20%
locura
20%
mai
20%
mamacita
20%
manos
20%
meneo
20%
mucho
20%
música
20%
nenas
20%
ni
20%
party
20%
pegue
20%
perreo
20%
prenda
20%
presión
20%
quiero
20%
Richard
20%
suena
20%
valgo
20%
vamo'
20%
Vienen
20%
wanna
20%
actitud
0%
activa
0%
agarre
0%
aire
0%
alta
0%
alto
0%
avanza
0%
Báilalo
0%
bajan
0%
baje'
0%
beats?
0%
bebé
0%
blanco
0%
cansa
0%
censura
0%
city
0%
cuello
0%
decirte
0%
duras?
0%
Duro
0%
emoción
0%
enrolas
0%
enrolo
0%
Fashion
0%
Full
0%
griten
0%
guerrero
0%
hicimo'
0%
kamikaze
0%
killa
0%
LALO
0%
lanza
0%
matar
0%
misión
0%
nasty
0%
otro
0%
pa'l
0%
pantalón
0%
paso
0%
ponga
0%
ponte
0%
poquito
0%
Prende
0%
pucutú
0%
pura
0%
raza
0%
sangre
0%
seguro
0%
Súbele
0%
subirle
0%
taxi
0%
tenemos
0%
tentación
0%
Thalía
0%
tiren
0%
to'a
0%
toqué
0%
tutratra
0%
uah
0%
unan
0%
vibrar
0%
volando
0%
vuelta'
0%
No se encontraron pruebas coincidentes
Distribución de puntuación
Porcentaje de gente con cada puntuación
Porcentaje por número respondido
Historial de tus puntuaciones
No has intentado esta prueba.